00566nam a2200181Ia 450000500170000000800410001702000100005804000190006804100120008708200160009910000250011524501030014026000350024330000170027850400500029565000290034585000100037420221107130124.0131103s9999 xx 000 0 und d cRs.15 aLoreto College aEnglish a954.02bVAR aVarma, Shanti Prasad 2aA study in Maratha Diplomacyb (Anglo - Maratha relations, 1772 - 1783 A.D.) cShanti Prasad Varma aAgrabShiva Lal Agrawalac1956 av,432 p,xii  aIncludes index and bibliographical references aHistory - Medieval India aLCLIB